Music Quiz

Random Music or Song Quiz

Songs That Aren't Really About Ducks Quiz Stats

Quiz Updated Apr 4, 2012

Challenge
Share
Tweet
Embed
Score 0/24 Timer 10:00
0 Plays Today
Duck lyrics Who's it really about? % Correct
I'm sorry, DUCK. I am for real. I never meant to make your daughter cry.Ms. Jackson
57.8%
Well, I'm not dumb, but I can't understand why she looked like a woman but talked like a man.
Oh my DUCK. D D D D DUCK.
Lola
52.5%
DUCK died in a church and was buried along with her name. Nobody came.Eleanor Rigby
51.1%
Ooo-ee-oo, I look just like DUCK. Oh oh, and you're Mary Tyler Moore.Buddy Holly
49.4%
DUCK, you've got me on my knees. DUCK, I'm begging, darling, please.
DUCK, darling, won't you ease my worried mind?
Layla
48.1%
She'll take a tumble on you, roll you like you were dice until you come up blue. She's got DUCK eyes.Bette Davis
34.3%
With you in that dress, my thoughts, I confess, verge on dirty. Ah, come on, DUCK.Eileen
30.8%
DUCK spoke in class today. DUCK spoke in class today.Jeremy
30.2%
My name is DUCK. I live on the second floor. I live upstairs from you.Luka
28.8%
And I can easily understand how you could easily take my man.
But you don't know what he means to me, DUCK.
Jolene
22.9%
DUCK DUCK, why you buggin? DUCK DUCK, I need your huggin.Mary Mary
20.5%
DUCK, DUCK, oh no. Me got to go.Louie Louie
14%
Duck lyrics Who's it really about? % Correct
I like the way you walk, I like the way you talk, I like the way you walk, I like the way you talk, DUCK.Suzie Q.
12.7%
They don't see you as I do. I wish they would try to. I'm sure they'd think again, if they had a friend like DUCK.Ben
12.1%
Her name is DUCK. She's a black belt in karate. Working for the city, she has to discipline her body.Yoshimi
11%
Dale a tu cuerpo alegria, PATO. Que tu cuerpo es pa' darle alegria y cosa buena.Macarena
9.1%
DUCK, DUCK, oh how my heart yearns for you. Oh DU, my DUCK. Oh well, I love you gal, I love you, DUCK.Peggy Sue
7.8%
I can still see your face shining through the window on the other side, DUCK, DUCK.
I never knew a girl like you could make me feel so sad, DUCK.
Rosanna
6.7%
Oh, DUCK, don't let him steal your heart away. I'm going to learn to dance if it takes all night and day.Carol
4.4%
I want to get with you, only you, and your sister. I think her name's DUCK.Debra
4.4%
Do you suppose that waiting hands on eyes, DUCK has gone to hide?
And all the time she laughs at those who shout her name and steal her clothes.
Veronica
4.2%
My stomach was as full as could be, and nobody ever got around to finding DUCK.Timothy
2.7%
DUCK caught a nanny goat to make his pretty baby a Sunday coat.
DUCK caught a bearcat to make his pretty baby a Sunday hat.
Bo Diddley
2.3%
My name is DUCK, married to myself. My love, DUCK, living by herself.Isobel
2.1%

You're not logged in!

Compare scores with friends on all Sporcle quizzes.
Join for Free
OR
Log In

You Might Also Like...

Show Comments

Extras

Top Quizzes Today


Score Distribution

Your Account Isn't Verified!

In order to create a playlist on Sporcle, you need to verify the email address you used during registration. Go to your Sporcle Settings to finish the process.

Report this User

Report this user for behavior that violates our Community Guidelines.

Details: